Cargando...

ആകാശഗംഗ

Detalles Bibliográficos
Autor Principal: ശിവകുമാർ, ഏറ്റുമാനൂർ
Outros autores: Sivakumar, Ettumanoor
Formato: Printed Book
Publicado: Kozhikode: Mathrubhumi, 2010
Subjects:
LEADER 00595nam a22001577a 4500
020 |a 9788182648029 
082 |a M894.4123  |b SIV/A 
100 |a ശിവകുമാർ, ഏറ്റുമാനൂർ 
245 |a ആകാശഗംഗ  
260 |a Kozhikode:  |b Mathrubhumi,  |c 2010 
300 |a 183p. 
650 |a Aakasaganga  |a Malayalam fiction  |a Malayalam literature 
700 |a Sivakumar, Ettumanoor 
942 |c BK 
999 |c 36387  |d 36387 
952 |0 0  |1 0  |4 0  |6 M_894_412300000000000_SIVA  |7 0  |8 Stack  |9 38505  |a KUCL  |b KUCL  |c Stack  |d 2015-12-04  |l 8  |m 2  |o M894.4123 SIV/A  |p 32037  |r 2019-01-17  |s 2018-12-03  |w 2015-12-04  |y BK